| 000 | 00625nam a2200193 a 4500 | ||
|---|---|---|---|
| 005 | 20140310183537.0 | ||
| 008 | 111116s19uu xx 00 eng d | ||
| 020 | _a978-0-9797280-1-3 | ||
| 050 |
_aLB 1025.3 _b.R88 2009 |
||
| 100 | _aRutherford, Paula | ||
| 245 |
_aWhy didn't I learn this in college? / _cPaula Rutherford. |
||
| 260 |
_aCalifornia : _bJust ASK, _c2009. |
||
| 300 |
_a321 p. : _c29 cm. |
||
| 650 |
_aTeaching _xHandbooks, manuals, etc. |
||
| 650 |
_aClassroom environment _xHandbooks, manuals, etc. |
||
| 650 |
_aFirst year teachers _xHandbooks, manuals, etc. |
||
| 942 |
_cBK _2lcc _kFOR |
||
| 999 |
_c24735 _d24735 |
||